00349pab a2200133 454500008004000000100002100040245006200061260000900123300001400132362001200146650001600158650001400174773002700188180718b2005 xxu||||| |||| 00| 0 eng d aSatynarayana, A. aPatterns of peasant mobility in a Tyagi village - 1954-94 c2005 ap.573-92. aJul-Dec aRural areas aPeasantry aEastern Anthropologist